| 000 | 00492nam a2200169Ia 4500 | ||
|---|---|---|---|
| 999 |
_c36248 _d36248 |
||
| 003 | OSt | ||
| 005 | 20201207100324.0 | ||
| 008 | 190216s9999||||xx |||||||||||||| ||und|| | ||
| 020 | _a8185273278 | ||
| 040 | _coclc | ||
| 082 |
_a025.42 _bRAN/C |
||
| 100 |
_aRanganathan, S R _97224 |
||
| 245 | 0 |
_aClassification And Communication / _cS R Ranganathan |
|
| 260 |
_bUbs Publishers, _c1992. _aNew Delhi: |
||
| 300 | _a291p | ||
| 942 |
_cREF _2ddc _h025.42 _iRAN/C _k025.42 _mRAN/C |
||